00522cam a22001812 4500001001100000005001700011008004100028020001700069040001500086100003300101245006000134250001300194260002600207300001800233650005100251700003500302852000300337000002052220151217154441.0110921s xx 000 0 eng d a0853694826 : aKABUcKABU1 aStone, Patricia.@000018086410aPharmacy practice /cPatricia Stone, Stephen J. Curtis. a3rd ed. aLondon :bPhP,c2002. axvii, 355 p. 0aPharmacyxPracticezGreat Britain.@00001808651 aCurtis, Stephen J.@00001808661